Sprecht mit uns - lernt mit uns : (Rekord nr 9277)
| 000 -ETYKIETA REKORDU | |
|---|---|
| podpole kontrolne o stałej długości | 01606nam a2200445 i 4500 |
| 001 - NUMER KONTROLNY REKORDU | |
| pole kontrolne | 9277 |
| 003 - IDENTYFIKATOR NUMERU KONTROLNEGO REKORDU | |
| podpole kontrolne | KOSZ 005 |
| 005 - DATA OSTATNIEJ MODYFIKACJI REKORDU | |
| podpole kontrolne | 20200406075556.0 |
| 008 - POLE O STAŁEJ DŁUGOŚCI - DANE KONTROLNE | |
| podpole kontrolne o stałej długości | 071006s1972 pl a g f 000 0 ger |
| 015 ## - NUMER BIBLIOGRAFII NARODOWEJ | |
| Numer bibliografii narodowej | PB 1972/2530 |
| 035 ## - NUMER SYSTEMOWY | |
| Numer systemowy przejętego rekordu | (PL-WaBN)b19946260-48omnis_nlop |
| 035 ## - NUMER SYSTEMOWY | |
| Numer systemowy przejętego rekordu | b19946260 |
| 035 ## - NUMER SYSTEMOWY | |
| Numer systemowy przejętego rekordu | (OCoLC)838974658 |
| 035 ## - NUMER SYSTEMOWY | |
| Numer systemowy przejętego rekordu | (PL)b0000001994626 |
| 040 ## - ŹRÓDŁO KATALOGOWANIA | |
| Instytucja, która sporządziła opis | WA N |
| Instytucja, która utworzyła rekord | WA N |
| Instytucja, która dokonała modyfikacji | KOSZ 005/RW |
| 046 ## - DATY KODOWANE | |
| Pojedyncza data lub początek okresu powstania dzieła lub zbioru dzieł | 1963 |
| 080 ## - UNIWERSALNA KLASYFIKACJA DZIESIĘTNA - UKD | |
| UKD | 803.0 |
| 100 1# - NAZWA OSOBOWA | |
| Nazwa osobowa | Höhle, Thomas |
| Daty związane z nazwą | (1926-2012) |
| Określenie rodzaju współpracy | Autor |
| 245 10 - TYTUŁ/ODPOWIEDZIALNOŚĆ | |
| Tytuł | Sprecht mit uns - lernt mit uns : |
| Ciąg dalszy tytułu | kurs dla zaawansowanych / |
| Pozostałe elementy strefy tytułu i oznaczenia odpowiedzialności | Thomas Höhle, Jan Czochralski. |
| 250 ## - STREFA WYDANIA | |
| Oznaczenie wydania | Wydanie 3 / |
| Ciąg dalszy strefy wydania | ogólna koncepcja metodyczna Mieczysław Jaworowski. |
| 260 ## - STREFA ADRESU WYDAWNICZEGO | |
| Miejsce wydania | Warszawa : |
| Nazwa wydawcy/dystrybutora | "Wiedza Powszechna", |
| Data publikacji, dystrybucji/powstania dokumentu | 1972. |
| 300 ## - STREFA OPISU FIZYCZNEGO | |
| Objętość | 345, [3] stron : |
| Inne cechy fizyczne | ilustracje ; |
| Rozmiary | 23 cm. |
| 336 ## - TYP ZAWARTOŚCI | |
| Termin opisujący typ zawartości | Tekst |
| Kod określający zawartość | txt |
| Źródło (terminu i kodu) | rdacontent |
| 337 ## - TYP MEDIÓW | |
| Tryb odtwarzania | Bez urządzenia pośredniczącego |
| Kod typu mediów | n |
| Źródło (terminu i kodu) | rdamedia |
| 338 ## - TYP/RODZAJ NOŚNIKA | |
| Hasło opisujące typ nośnika | Wolumin |
| Kod typu nośnika | nc |
| Źródło (terminu i kodu) | rdacarrier |
| 380 ## - FORMA I TYP PUBLIKACJI | |
| Forma i typ publikacji | Książki |
| 388 ## - CZAS POWSTANIA | |
| Czas powstania | 1901-2000 |
| 490 1# - STREFA SERII I DOKUMENTU WIELOCZĘŚCIOWEGO - FORMA NIE DO WYSZUKIWANIA | |
| Tytuł i oznaczenie odpowiedzialności serii | Poliglota |
| 500 ## - UWAGI OGÓLNE | |
| Tekst uwagi | Na okładce podtytuł: Nauka języka niemieckiego z płyt. Druk z klisz. |
| 658 ## - TERMIN INDEKSOWY - PRZEDMIOT PROGRAMU NAUCZANIA | |
| Główny przedmiot programu nauczania | Językoznawstwo |
| 655 #7 - TERMIN INDEKSOWY - OKREŚLENIE RODZAJU/FORMY DOKUMENTU | |
| Określenie rodzaju/formy dokumentu | Podręcznik |
| Źródło terminu | DBN |
| 650 #7 - HASŁO PRZEDMIOTOWE W FORMIE NAZWY OGÓLNEJ LUB JEDNOSTKOWEJ | |
| Nazwa ogólna lub geograficzna | Język niemiecki |
| Źródło hasła lub terminu | DBN |
| 700 1# - HASŁO DODATKOWE - NAZWA OSOBOWA | |
| Nazwa osobowa | Jaworowski, Mieczysław. |
| Określenie związku między hasłem a opisywanym materiałem | Opracowanie |
| 710 2# - HASŁO DODATKOWE - NAZWA CIAŁA ZBIOROWEGO | |
| Nazwa ciała zbiorowego lub jednostki geograficznej | Państwowe Wydawnictwo Wiedza Powszechna |
| Kod określenia powiązania | pbl |
| 700 1# - HASŁO DODATKOWE - NAZWA OSOBOWA | |
| Nazwa osobowa | Czochralski, Jan Antoni |
| Daty związane z nazwą | (1924-2004) |
| Określenie związku między hasłem a opisywanym materiałem | Autor |
| 830 #0 - HASŁO DODATKOWE SERII LUB DOKUMENTU WIELOCZĘŚCIOWEGO - TYTUŁ UJEDNOLICONY | |
| Tytuł ujednolicony | Poliglota |
| 856 ## - LOKALIZACJA I DOSTĘP DO ELEKTRONICZNYCH DOKUMENTÓW ZDALNYCH | |
| Link (URL) | http://koha.tu.koszalin.pl/cgi-bin/koha/opac-detail.pl?biblionumber=9277 |
| Tekst linku | Katalog online BPK |
| 942 ## - DODATKOWE ELEMENTY (KOHA) | |
| Schemat klasyfikacji | Uniwersalna Klasyfikacja Dziesiętna |
| Typ dokumentu | Książka |
| Wycofany | Status egzemplarza | Uszkodzony | Dostępność | Lokalizacja stała | Lokalizacja bieżąca | Numer ubytku | Sygnatura | Kod kreskowy | Typ dokumentu | Miejsce przechowywania |
|---|---|---|---|---|---|---|---|---|---|---|
| Egz. niedostępny | Niedostępny | Biblioteka Politechniki Koszalińskiej | Biblioteka Politechniki Koszalińskiej | 11422 | 13500 | 01747218 | Książka | |||
| Dostępny | Biblioteka Politechniki Koszalińskiej | Biblioteka Politechniki Koszalińskiej | 13501 | 01244014 | Książka | Wypożyczalnia BG | ||||
| Dostępny | Biblioteka Politechniki Koszalińskiej | Biblioteka Politechniki Koszalińskiej | 13502 | 01747225 | Książka | Wypożyczalnia BG |
